000 00910nam a2200193 i 4500
001 79761
003 ES-MaACL
005 20240419213206.0
007 t|
008 041025s1912 sp ||||1| spa d
100 1 _aHerrero y Sánchez, José Joaquín.
_963269
245 1 0 _aTres músicos españoles
_b: Juan del Encina, Lucas Fernández, Manuel Doyagüe y la cultura artística de su tiempo : discurso leído ante la Real Academia de Bellas Artes de San Fernando en la recepción pública /
_cpor José Joaquín Herrero ; contestación de Cecilio Roda López el 23 de junio de 1912.
260 _aMadrid :
_b[s.n.],
_c1912 (
_fTip. Artística de Suárez y Abbad)
300 _a94 p. ;
_c25 cm.
700 1 _aRoda, Cecilio de,
_d1865-1912
_9227158
710 2 _aReal Academia de Bellas Artes de San Fernando.
_96291
852 _aES-MaACL
_jL-4912(20-5)
_z.- Donativo Roda
999 _c79761
_d79761